| 000 | 00537nam a2200217 a 4500 | ||
|---|---|---|---|
| 999 |
_c5909 _d5909 |
||
| 001 | 5909 | ||
| 003 | BD-JhCC | ||
| 005 | 20171230181100.0 | ||
| 008 | 171230s19831999ii |||| |||| 000 0 eng d | ||
| 035 | _a(BD-JhCC)5909 | ||
| 040 |
_aBD-JhCC _dBD-JhCC |
||
| 041 | _aeng | ||
| 082 |
_a531.12 _bCHA 1999 |
||
| 100 | _aChatterji, P. N. | ||
| 245 |
_aStatics / _c P. N. Chatterji, |
||
| 260 |
_aUttar Prodesh : _bRajhans Prakashan Mandir, _c1999. |
||
| 300 |
_a108 p. : _c22 cm. |
||
| 650 | _aStatics | ||
| 942 |
_2ddc _cBK |
||